000 00781nam a2200217Ia 4500
003 OSt
005 20250619160646.0
008 191128t2012 ck jr 000 f spa d
020 _a9788498777307
040 _aCO-JMCR
_cCO-JMCR
041 _aspa
082 0 4 _aA-N
_bERIm
100 1 _aEricson, Patrick,
_eautor
_96868
245 1 0 _aMaleficium /
_cPatrick Ericson
260 _aSevilla :
_bAlgaida editores,
_c©2012
300 _a422 páginas ;
_c 23 cm.
500 _aIncluye datos biográficos del autor en solapa
520 _aA finales de 1608 María de Ximildegui cruza la frontera francesa y se establece en Zugarramurdi, donde había vivido junto a sus padres. La joven esá huyendo de la inquisición de Burdeos.
650 1 4 _aNovela juvenil
_96869
942 _2ddc
_cBK
999 _c4165
_d4165